| 000 | 00519nam a2200169 i 4500 | ||
|---|---|---|---|
| 001 | 80264 | ||
| 003 | ES-MaACL | ||
| 007 | t| | ||
| 008 | 041027s1981 sp ||||1| gal d | ||
| 245 | 0 | 0 |
_aHistoria de Galiza / _cX.C. Bermejo... [et al.] ; versión galega, Xosé RaAmón Fandiño Veiga. |
| 250 | _a[2ª ed.]. | ||
| 260 |
_a[Madrid] : _bAlhambra, _c[1981] |
||
| 300 |
_a291 p. ; _c20 cm. |
||
| 700 | 1 |
_aBermejo, X. C. _928095 |
|
| 700 | 1 |
_aFandiño Veiga, Xosé Ramón. _948788 |
|
| 852 |
_aES-MaACL _jL-7033 _bR.107997 |
||
| 999 |
_c80264 _d80264 |
||